Electric circuits fundamentals
Gorde:
| Egile nagusia: | |
|---|---|
| Formatua: | Liburua |
| Hizkuntza: | Undetermined |
| Argitaratua: |
Upper Saddle River, N.J.
Pearson Education International
2007
|
| Gaiak: | |
| Etiketak: |
Etiketa erantsi
Etiketarik gabe, Izan zaitez lehena erregistro honi etiketa jartzen!
|
| Thư viện lưu trữ: | Trung tâm Học liệu Trường Đại học Cần Thơ |
|---|
| LEADER | 00541nam a2200181Ia 4500 | ||
|---|---|---|---|
| 001 | CTU_213892 | ||
| 008 | 210402s9999 xx 000 0 und d | ||
| 082 | |a 621.3192 | ||
| 082 | |b F645 | ||
| 100 | |a Floyd, Thomas L. | ||
| 245 | 0 | |a Electric circuits fundamentals | |
| 260 | |a Upper Saddle River, N.J. | ||
| 260 | |b Pearson Education International | ||
| 260 | |c 2007 | ||
| 650 | |a Electric circuits.,Mạch điện | ||
| 904 | |i Minh | ||
| 910 | |a Sách kèm đĩa AVA.000044 | ||
| 980 | |a Trung tâm Học liệu Trường Đại học Cần Thơ | ||